Sử dụng vật liệu tự chế làm giá thể cho vi sinh vật để loại nitrat trong nước thải : Báo cáo tổng kết đề tài khoa học và công nghệ cấp Trường

Nội dung đề tài tạo ra vật liệu mới có hiệu suất xử lý nitrat cao, xác định hiệu suất xử lý tốt nhất có thể của hệ thống thí nghiệm. Với hy vọng kết quả của nghiên cứu này sẽ đưuọc ứng dụng để xử lý nước thải ở những nơi tậ...

Descrizione completa

Salvato in:
Dettagli Bibliografici
Autore principale: Lê, Anh Kha
Natura: Libro
Lingua:Undetermined
Pubblicazione: Cần Thơ Trường Đại học Cần Thơ 2007
Soggetti:
Tags: Aggiungi Tag
Nessun Tag, puoi essere il primo ad aggiungerne! !
Thư viện lưu trữ: Trung tâm Học liệu Trường Đại học Cần Thơ
LEADER 01527nam a2200217Ia 4500
001 CTU_204893
008 210402s9999 xx 000 0 und d
082 |a 628.51 
082 |b Kh100 
100 |a Lê, Anh Kha 
245 0 |a Sử dụng vật liệu tự chế làm giá thể cho vi sinh vật để loại nitrat trong nước thải : 
245 0 |b Báo cáo tổng kết đề tài khoa học và công nghệ cấp Trường 
245 0 |c Lê Anh Kha (Chủ nhiệm đề tài) 
260 |a Cần Thơ 
260 |b Trường Đại học Cần Thơ 
260 |c 2007 
520 |a Nội dung đề tài tạo ra vật liệu mới có hiệu suất xử lý nitrat cao, xác định hiệu suất xử lý tốt nhất có thể của hệ thống thí nghiệm. Với hy vọng kết quả của nghiên cứu này sẽ đưuọc ứng dụng để xử lý nước thải ở những nơi tập trung được nước thải sinh hoạt và nước thải của nhà máy chế biến thực phẩm, nhằm loại bỏ triệt để sự ô nhiễm có nguồn gốc nitơ trong nước trước khi cho vào hệ thống sông ngòi. 
650 |a Chemical industry,Công nghệ hóa học 
650 |x Waste disposal.,Xử lý chất thải 
904 |i Tuyến 
980 |a Trung tâm Học liệu Trường Đại học Cần Thơ